Loading...
| Arts - Painting | 0 | 3 | 0 | 0 | 30 | 100 | 119.33 | 0 | 1 |
| Other - Geo/CE | 2 | 0 | 2 | 0 | 20 | 37 | 50.00 | 1 | 2 |
| Other - Pop Culture | 0 | 2 | 0 | 0 | 20 | 105 | 111.50 | 0 | 0 |
| Other - Other Academic | 1 | 0 | 0 | 0 | 15 | 58 | 58.00 | 1 | 1 |
| Thought - Social Science | 0 | 1 | 0 | 0 | 10 | 73 | 73.00 | 0 | 1 |
| Beliefs - Mythology | 0 | 1 | 0 | 1 | 10 | 142 | 142.00 | 0 | 1 |
| Literature - British Lit | 0 | 1 | 0 | 0 | 10 | 112 | 112.00 | 0 | 0 |
| Other - Other Academic | 0 | 1 | 0 | 0 | 10 | 93 | 93.00 | 0 | 1 |
| Science - Other Science | 0 | 1 | 0 | 0 | 10 | 92 | 92.00 | 0 | 0 |
| Thought - Social Science | 0 | 1 | 1 | 0 | 5 | 72 | 72.00 | 0 | 0 |
| Science - Biology | 0 | 0 | 0 | 0 | 0 | 0.00 | 0 | 0 | |
| Other - Pop Culture | 0 | 0 | 1 | 0 | -5 | 0.00 | 0 | 0 | |
| History - Other History | 0 | 0 | 1 | 0 | -5 | 0.00 | 0 | 0 | |
| Arts - Other Arts | 0 | 0 | 1 | 0 | -5 | 0.00 | 0 | 0 | |
| Literature - American Lit | 0 | 0 | 1 | 0 | -5 | 0.00 | 0 | 0 | |
| Science - Chemistry | 0 | 0 | 1 | 0 | -5 | 0.00 | 0 | 0 | |
| Arts - Painting | 0 | 0 | 1 | 0 | -5 | 0.00 | 0 | 0 |